Chefs lieux sans K - Statistiques

Statistiques générales
  • Ce quiz a été pris 6 fois
  • Le résultat moyen est 80 sur 101
Statistiques - réponses
Réponse % Correct
Agen
100%
Albi
100%
Annecy
100%
Auch
100%
Aurillac
100%
Bordeaux
100%
Carcassonne
100%
Clermont-Ferrand
100%
Colmar
100%
Fort-de-France
100%
Grenoble
100%
La Rochelle
100%
La Roche-sur-Yon
100%
Lille
100%
Limoges
100%
Lyon
100%
Marseille
100%
Metz
100%
Montpellier
100%
Moulins
100%
Nancy
100%
Nantes
100%
Nevers
100%
Nice
100%
Nîmes
100%
Paris
100%
Pau
100%
Périgueux
100%
Perpignan
100%
Poitiers
100%
Rennes
100%
Rodez
100%
Rouen
100%
Saint-Étienne
100%
Strasbourg
100%
Tarbes
100%
Toulon
100%
Toulouse
100%
Tours
100%
Valence
100%
Alençon
75%
Amiens
75%
Angers
75%
Angoulême
75%
Arras
75%
Auxerre
75%
Avignon
75%
Bar-le-Duc
75%
Basse-Terre
75%
Beauvais
75%
Belfort
75%
Besançon
75%
Blois
75%
Bourg-en-Bresse
75%
Bourges
75%
Caen
75%
Cayenne
75%
Chambéry
75%
Charleville-Mézières
75%
Châteauroux
75%
Digne-les-Bains
75%
Dijon
75%
Épinal
75%
Évreux
75%
Foix
75%
Gap
75%
Laon
75%
Laval
75%
Le Mans
75%
Le Puy-en-Velay
75%
Mamoudzou
75%
Mende
75%
Mont-de-Marsan
75%
Orléans
75%
Privas
75%
Quimper
75%
Saint-Brieuc
75%
Saint-Denis
75%
Saint-Lô
75%
Tulle
75%
Vannes
75%
Versailles
75%
Vesoul
75%
Ajaccio
50%
Bastia
50%
Châlons-en-Champagne
50%
Chaumont
50%
Créteil
50%
Guéret
50%
Lons-le-Saunier
50%
Nanterre
50%
Niort
50%
Pontoise
50%
Troyes
50%
Bobigny
25%
Cahors
25%
Chartres
25%
Évry-Courcouronnes
25%
Mâcon
25%
Melun
25%
Montauban
25%
Aucun quiz correspondant
Distribution des résultats
% des personnes avec chaque résultat
Percentile par nombre de réponses
Votre historique - résultats
Vous n’avez pas pris ce quiz